German States Quiz - Schleswig-Holstein - Statistics

General Stats
  • This quiz has been taken 32 times
  • The average score is 9 of 17
Answer Stats
Hint Answer % Correct
State Capital Kiel
100%
Neighbouring country in the North Denmark
88%
Schleswig-Holstein borders two seas: This one on the East... Baltic Sea
82%
... and this one on the West North Sea
82%
... he was born in this city Lübeck
71%
From its northern tip to its southern tip, this island is about 40 km long Sylt
65%
Former German chancellor who was awarded the Nobel Prize for Peace in 1971 Willy Brandt
65%
... which used to be a member in this trade confederation Hanseatic League
59%
Local speciality; almonds are a key ingredient Marzipan
53%
Largest island on the East coast of this state Fehmarn
47%
Minister President Daniel Günther
41%
Theoretical physicist, Nobel Prize winner in 1918 - there's a constant named after him Max Planck
41%
This Nobel Prize winning author was also born there; important works include Buddenbrooks Thomas Mann
41%
This part of the above became UNESCO World Heritage in 2009 Wadden Sea
35%
Each June, this event takes place in its capital, bringing thousands of guests and hundreds of ships into the city Kiel Sailing Week
6%
The largest wild animal anywhere in Germany - Schleswig-Holstein is one of the states it is likely to be seen Gray Seal
0%
Reconstructed Danish Viking Age settlement near Schleswig, World Heritage Site Hedeby
0%
No matching quizzes found
Score Distribution
Percent of People with Each Score
Percentile by Number Answered
Your Score History
You have not taken this quiz